<?xml version="1.0" encoding="UTF-8"?>
<record
    xmlns:xsi="http://www.w3.org/2001/XMLSchema-instance"
    xsi:schemaLocation="http://www.loc.gov/MARC21/slim http://www.loc.gov/standards/marcxml/schema/MARC21slim.xsd"
    xmlns="http://www.loc.gov/MARC21/slim">

  <leader>00557    a2200181   4500</leader>
  <controlfield tag="003">OSt</controlfield>
  <controlfield tag="005">20251007162537.0</controlfield>
  <controlfield tag="008">251007b        |||||||| |||| 00| 0 eng d</controlfield>
  <datafield tag="020" ind1=" " ind2=" ">
    <subfield code="a">9788197849725</subfield>
  </datafield>
  <datafield tag="082" ind1=" " ind2=" ">
    <subfield code="2">23</subfield>
    <subfield code="a">618.2</subfield>
  </datafield>
  <datafield tag="100" ind1=" " ind2=" ">
    <subfield code="a">Maurya, Archarya </subfield>
    <subfield code="9">213153</subfield>
  </datafield>
  <datafield tag="245" ind1=" " ind2=" ">
    <subfield code="a">Textbook of Child Health Nursing -I </subfield>
    <subfield code="b">Exclusively Prepard for B.Sc. Nursing V Semester </subfield>
  </datafield>
  <datafield tag="260" ind1=" " ind2=" ">
    <subfield code="b">AITBS Publishers</subfield>
    <subfield code="a">Delhi</subfield>
    <subfield code="c">2025</subfield>
  </datafield>
  <datafield tag="300" ind1=" " ind2=" ">
    <subfield code="a">XXIII;318P.</subfield>
  </datafield>
  <datafield tag="650" ind1=" " ind2=" ">
    <subfield code="2">Child Health Nursing</subfield>
  </datafield>
  <datafield tag="700" ind1=" " ind2=" ">
    <subfield code="a">Kurian, Bibin</subfield>
    <subfield code="a">Wankhede, Darshana Kumari</subfield>
    <subfield code="9">213583</subfield>
  </datafield>
  <datafield tag="942" ind1=" " ind2=" ">
    <subfield code="c">BK</subfield>
    <subfield code="2">ddc</subfield>
  </datafield>
  <datafield tag="999" ind1=" " ind2=" ">
    <subfield code="c">367829</subfield>
    <subfield code="d">367829</subfield>
  </datafield>
  <datafield tag="952" ind1=" " ind2=" ">
    <subfield code="0">0</subfield>
    <subfield code="1">0</subfield>
    <subfield code="2">ddc</subfield>
    <subfield code="4">0</subfield>
    <subfield code="7">0</subfield>
    <subfield code="a">SNCN</subfield>
    <subfield code="b">SNCN</subfield>
    <subfield code="d">2025-10-07</subfield>
    <subfield code="e">108</subfield>
    <subfield code="g">543.75</subfield>
    <subfield code="l">7</subfield>
    <subfield code="o">618.2 MAU</subfield>
    <subfield code="p">SNCN-BK-3701</subfield>
    <subfield code="r">2026-03-04 14:34:54</subfield>
    <subfield code="s">2026-02-17</subfield>
    <subfield code="v">725.00</subfield>
    <subfield code="w">2025-10-07</subfield>
    <subfield code="y">BK</subfield>
  </datafield>
  <datafield tag="952" ind1=" " ind2=" ">
    <subfield code="0">0</subfield>
    <subfield code="1">0</subfield>
    <subfield code="2">ddc</subfield>
    <subfield code="4">0</subfield>
    <subfield code="7">0</subfield>
    <subfield code="a">SNCN</subfield>
    <subfield code="b">SNCN</subfield>
    <subfield code="d">2025-10-07</subfield>
    <subfield code="e">108</subfield>
    <subfield code="g">543.75</subfield>
    <subfield code="l">7</subfield>
    <subfield code="o">618.2 MAU</subfield>
    <subfield code="p">SNCN-BK-3700</subfield>
    <subfield code="r">2026-02-16 16:04:19</subfield>
    <subfield code="s">2026-02-02</subfield>
    <subfield code="v">725.00</subfield>
    <subfield code="w">2025-10-07</subfield>
    <subfield code="y">BK</subfield>
  </datafield>
  <datafield tag="952" ind1=" " ind2=" ">
    <subfield code="0">0</subfield>
    <subfield code="1">0</subfield>
    <subfield code="2">ddc</subfield>
    <subfield code="4">0</subfield>
    <subfield code="7">0</subfield>
    <subfield code="a">SNCN</subfield>
    <subfield code="b">SNCN</subfield>
    <subfield code="d">2025-10-07</subfield>
    <subfield code="e">108</subfield>
    <subfield code="g">543.75</subfield>
    <subfield code="l">3</subfield>
    <subfield code="m">1</subfield>
    <subfield code="o">618.2 MAU</subfield>
    <subfield code="p">SNCN-BK-3699</subfield>
    <subfield code="r">2026-02-18 16:03:10</subfield>
    <subfield code="s">2026-02-02</subfield>
    <subfield code="v">725.00</subfield>
    <subfield code="w">2025-10-07</subfield>
    <subfield code="y">BK</subfield>
  </datafield>
  <datafield tag="952" ind1=" " ind2=" ">
    <subfield code="0">0</subfield>
    <subfield code="1">0</subfield>
    <subfield code="2">ddc</subfield>
    <subfield code="4">0</subfield>
    <subfield code="7">0</subfield>
    <subfield code="a">SNCN</subfield>
    <subfield code="b">SNCN</subfield>
    <subfield code="d">2025-10-07</subfield>
    <subfield code="e">108</subfield>
    <subfield code="g">543.75</subfield>
    <subfield code="l">7</subfield>
    <subfield code="o">618.2 MAU</subfield>
    <subfield code="p">SNCN-BK-3702</subfield>
    <subfield code="r">2026-03-05 17:15:44</subfield>
    <subfield code="s">2026-02-16</subfield>
    <subfield code="v">725.00</subfield>
    <subfield code="w">2025-10-07</subfield>
    <subfield code="y">BK</subfield>
  </datafield>
  <datafield tag="952" ind1=" " ind2=" ">
    <subfield code="0">0</subfield>
    <subfield code="1">0</subfield>
    <subfield code="2">ddc</subfield>
    <subfield code="4">0</subfield>
    <subfield code="7">0</subfield>
    <subfield code="a">SNCN</subfield>
    <subfield code="b">SNCN</subfield>
    <subfield code="d">2025-10-07</subfield>
    <subfield code="e">108</subfield>
    <subfield code="g">543.75</subfield>
    <subfield code="l">0</subfield>
    <subfield code="o">618.2 MAU</subfield>
    <subfield code="p">SNCN-BK-3698</subfield>
    <subfield code="r">2025-10-07 00:00:00</subfield>
    <subfield code="v">725.00</subfield>
    <subfield code="w">2025-10-07</subfield>
    <subfield code="y">BK</subfield>
  </datafield>
</record>
